000 00514nmm a2200169Ia 4500
008 251105s9999||||xx |||||||||||||||||und||
020 _a9788499402505
041 _aspa
100 _aMuñoz, Jacobo
245 0 _aMelancolía y verdad :
_b Invitación a la lectura de Th. W. Adorno
264 _a[Madrid, España] :
_bBiblioteca Nueva,
_c2011
300 _a296 páginas
490 _aRazón y Sociedad
650 _aPhilosophy, Ethics
856 _uhttps://public.digitaliapublishing.com/a/14690
942 _cCF
999 _c92653
_d92653